000 00391 a2200169 4500
001 184793
020 _a978-85-262-5018-5
040 _cMagnum
100 _aLarreula, Enric
240 1 0 _aBruxa Onilda vai a Paris
_lpor
245 1 0 _aBruxa Onilda vai a Paris
300 _a31
362 0 _a2014
440 1 _aScipione
697 _aLITERATURA INFANTO-JUVENIL ESTRANGEIRA
942 _cBK
999 _c184793
_d184793